Départements français en 15 secondes - Statistiques

Statistiques générales
  • Ce quiz a été pris 68 fois
  • Le résultat moyen est 7 sur 101
Réponses sur la Carte
Les réponses sont colorées sur une échelle allant du rouge au vert en fonction du pourcentage des utilisateurs qui les ont devinées à leur premier essai. Vous pouvez retrouver ces pourcentages ci-dessous.
 
Statistiques - réponses
Départements % Correct
1 Ain
51%
2 Aisne
42%
75 Paris
33%
59 Nord
30%
83 Var
26%
3 Allier
23%
27 Eure
21%
60 Oise
21%
42 Loire
19%
61 Orne
16%
11 Aude
14%
30 Gard
14%
32 Gers
14%
69 Rhône (et métropole de Lyon)
14%
80 Somme
14%
36 Indre
12%
46 Lot
12%
62 Pas-de-Calais
12%
81 Tarn
12%
6 Alpes-Maritimes
9%
7 Ardèche
9%
10 Aube
9%
67 Bas-Rhin
9%
19 Corrèze
9%
23 Creuse
9%
26 Drôme
9%
91 Essonne
9%
33 Gironde
9%
51 Marne
9%
86 Vienne
9%
8 Ardennes
7%
14 Calvados
7%
18 Cher
7%
29 Finistère
7%
74 Haute-Savoie
7%
38 Isère
7%
39 Jura
7%
40 Landes
7%
45 Loiret
7%
41 Loir-et-Cher
7%
55 Meuse
7%
73 Savoie
7%
84 Vaucluse
7%
85 Vendée
7%
9 Ariège
5%
13 Bouches-du-Rhône
5%
15 Cantal
5%
16 Charente
5%
22 Côtes-d'Armor
5%
68 Haut-Rhin
5%
34 Hérault
5%
48 Lozère
5%
50 Manche
5%
53 Mayenne
5%
56 Morbihan
5%
64 Pyrénées-Atlantiques
5%
76 Seine-Maritime
5%
78 Yvelines
5%
4 Alpes-de-Haute-Provence
2%
2A Corse-du-Sud
2%
24 Dordogne
2%
25 Doubs
2%
28 Eure-et-Loir
2%
31 Haute-Garonne
2%
43 Haute-Loire
2%
5 Hautes-Alpes
2%
87 Haute-Vienne
2%
54 Meurthe-et-Moselle
2%
57 Moselle
2%
58 Nièvre
2%
71 Saône-et-Loire
2%
72 Sarthe
2%
82 Tarn-et-Garonne
2%
90 Territoire de Belfort
2%
95 Val-d'Oise
2%
89 Yonne
2%
12 Aveyron
0%
17 Charente-Maritime
0%
21 Côte-d'Or
0%
79 Deux-Sèvres
0%
971 Guadeloupe
0%
973 Guyane
0%
2B Haute-Corse
0%
52 Haute-Marne
0%
70 Haute-Saône
0%
65 Hautes-Pyrénées
0%
92 Hauts-de-Seine
0%
35 Ille-et-Vilaine
0%
37 Indre-et-Loire
0%
974 La Réunion
0%
44 Loire-Atlantique
0%
47 Lot-et-Garonne
0%
49 Maine-et-Loire
0%
972 Martinique
0%
976 Mayotte
0%
63 Puy-de-Dôme
0%
66 Pyrénées-Orientales
0%
77 Seine-et-Marne
0%
93 Seine-Saint-Denis
0%
94 Val-de-Marne
0%
88 Vosges
0%
Aucun quiz correspondant
Distribution des résultats
% des personnes avec chaque résultat
Percentile par nombre de réponses
Votre historique - résultats
Vous n’avez pas pris ce quiz